Countries with Direct Flights to/from Australia - Statistics

General Stats
  • This quiz has been taken 96 times
  • The average score is 34 of 37
Answers on the Map
Answers color-coded by a green-red scale on the quiz's map according to % correct below.
 
Answer Stats
Answer % Correct
Canada
100%
China
100%
India
100%
Indonesia
100%
Japan
100%
Malaysia
100%
New Zealand
100%
Thailand
100%
United States
100%
Vietnam
100%
Papua New Guinea
99%
South Korea
99%
Fiji
97%
Philippines
97%
Solomon Islands
97%
Sri Lanka
97%
Nauru
96%
Samoa
96%
Tonga
96%
United Kingdom
96%
Kiribati
95%
Marshall Islands
93%
Vanuatu
93%
Palau
92%
Singapore
92%
South Africa
92%
Taiwan
91%
United Arab Emirates
91%
Australia
89%
Micronesia
89%
Chile
88%
Qatar
83%
East Timor
77%
Italy
73%
Brunei
68%
Mauritius
65%
France (New Caledonia)
31%
No matching quizzes found
Score Distribution
Percent of People with Each Score
Percentile by Number Answered
Your Score History
You have not taken this quiz